Renoir (Запис номер 209804)
[ съкратено ]
| 000 -Лидер | |
|---|---|
| Контролно поле с фиксирана дължина | nkm a22 a 4500 |
| 003 - Код на организацията, давaща контролен номер | |
| Контролно поле | BLK |
| 005 - Дата и час на последна редакция | |
| Контролно поле | 20220210100530.0 |
| 008 - Елементи от данни с фиксирана дължина | |
| fixed length control field | 180412b bul rap|r|||| r0| ||bulo| |
| 010 ## - Наследен системен номер | |
| LC control number | KNG00157345000 |
| 040 ## - Източник на каталожния запис | |
| Идентификатор на билиотеката - собственик на записа | BLK |
| 041 ## - Код за език | |
| Код за езика на текст/звукозапис или на отделно заглавие | Френски |
| Код за езика КДБФ | Френски |
| Други езици | Немски |
| -- | Английски |
| 080 ## - УДК | |
| Текстов определител УДК | Живопис |
| УДК код - определител по УДК | 75 |
| УДК определител | (44)(092) |
| УДК - код + определител | 75(44)(092) |
| 080 ## - УДК | |
| Текстов определител УДК | Френски художник, един от основоположниците на импресионизма |
| УДК код - определител по УДК | 929 Реноар, Пиер-Огюст |
| УДК - код + определител | 929 Реноар, Пиер-Огюст |
| 100 1# - Редна дума - Автор | |
| Автор | Ledivelec, Madeleine |
| Авторска отговорност | първи автор |
| R(LIN) | 16713 |
| 139 ## - Редно поле | |
| Редна дума | Ledivelec, Madeleine |
| Авторски знак | Ren - R 43 |
| 245 10 - Сведения за заглавието | |
| Заглавие | Renoir |
| Редно поле (дума) | Madeleine Ledivelec. |
| 257 ## - Страна на издаване | |
| Страна на създаване/издаване | Германия |
| 260 ## - Област на издателските данни | |
| Име на издателя, разпространителя и проч. | Uffici Kunstverl. |
| -- | Palladium |
| Година на издаване | S. a. |
| 300 ## - Физическа характеристика | |
| Страници | 36 p. |
| Илюстрации и др. | ill. |
| Размери/Мащаб | 17 cm |
| 380 ## - Жанр | |
| Жанр | Изкуство |
| 490 1# - СЕРИИ (Колекции) | |
| Име на серия | Kleine Serie grosser Kunstler |
| 600 14 - Име на лице, използвано като предмет | |
| За него / За нея | Реноар, Пиер-Огюст |
| 9 (RLIN) | 301031 |
| 650 #4 - Допълнително описание по предмет – тема | |
| Основно описание – тема или топоним | Художници, френски - албуми |
| 9 (RLIN) | 253572 |
| 651 #4 - Допълнително описание по предмет - топоним | |
| Географско понятие | Франция |
| 9 (RLIN) | 179722 |
| 653 ## - Ключова дума – ненормативна | |
| Ключова дума | френски художници |
| 653 ## - Ключова дума – ненормативна | |
| Ключова дума | албуми |
| 653 ## - Ключова дума – ненормативна | |
| Ключова дума | Пиер-Огюст Реноар |
| 852 ## - Местоположение | |
| Форматна сигнатура | Цб І 38353 |
| Фондова буква | Основен фонд - ползва се само за читалня |
| 999 ## - СИСТЕМНИ КОНТРОЛНИ НОМЕРА | |
| Koha biblionumber | 209804 |
| Koha biblioitemnumber | 209804 |
| 942 ## - АРТИКУЛИ | |
| Вид на библиотечния материал | Графични издания |
| Скрит в OPAC | Не |
| Периодичен библиозапис | Да |
| 944 ## - СЪЗДАВАНЕ И РЕДАКЦИЯ на ЗАПИСА | |
| Създаване/Редакция | Създаване |
| Дата на регистрацията/редакция | 28.02.2014 |
| Статус, дата на статуса | 28.02.2014 - от С1,Р / 28.02.2014 |
| Служител, извършил регистрацията/редакцията | Ирена_Линкова |
| 944 ## - СЪЗДАВАНЕ И РЕДАКЦИЯ на ЗАПИСА | |
| Създаване/Редакция | Редакция |
| Дата на регистрацията/редакция | 2022-02-10 |
| Служител, извършил регистрацията/редакцията | Кети |
| 999 ## - СИСТЕМНИ КОНТРОЛНИ НОМЕРА | |
| Koha biblioitemnumber | 209804 |
| Код за отписване | Код за изгубен артикул | Източник на класификационната схема | Код за повреда | Коз за рестрикции | Код за отдаване | Артикулен № | Име на библиотеката - собственик | Име на библиотеката, в която се намира в момента | Статус (Текущо местоположение) | Дата на вписване в системата | Местоположение - отдел | Цена в лева | Инвентарен номер | Систематично азбучна сигнатура | Баркод | Цена в евро | Служебен тип на артикула |
|---|---|---|---|---|---|---|---|---|---|---|---|---|---|---|---|---|---|
| Не е изгубен | Universal Decimal Classification | Не е повреден | само за читалня | ползва се в читалня | 361199 | Регионална библиотека "Любен Каравелов" Русе | Регионална библиотека "Любен Каравелов" Русе | Основен фонд - ползва се само за читалня | 1964-01-01 | Основен фонд - ползва се само за читалня | 1.50 | 4878/64 | Цб І 38353 | 900000001146 | 0.77 | Графични издания |